Llegaron para quedarse.

Despúes de los tropiezos iniciales, tres modelos de mercado online estan Ilamados a cambiar la forma de hacer negocios en todas las industrial.

Bibliographic Details
Format: Libro
Language:English
Published: Santiago, Chile Trend 2002

MARC

LEADER 00000cam a2200000 a 4500
001 047922
003 UAHC_CL
005 20170803125301.0
008 010822b xx j 000 1 eng
040 |a UAHC_CL  |c UAHC_CL  |d UAHC_CL 
245 1 0 |a Llegaron para quedarse. 
260 |b Trend  |c 2002  |a Santiago, Chile 
500 |a En : Trend management, n¼ 5, Julio/Agosto 2002 
520 |a Despúes de los tropiezos iniciales, tres modelos de mercado online estan Ilamados a cambiar la forma de hacer negocios en todas las industrial. 
900 |a TREND MANAGEMENT-5/02 
942 |c BK 
999 |c 47922  |d 47922